000 00617cab a2200217 4500
001 ABS40656
008 090401t1989 xxu||||| |||| 00| 0 eng d
035 _a(Sirsi) u25277
041 _aeng
100 _aLoew, S.
245 _aConservation in France
260 _c1989
350 _a0
490 _aUrban Design Quarterly
_v(30) April 1989, 11-12(2)
520 _aReports on the powers of the French Government to list buildings and create conservation areas .
650 _aHISTORIC BUILDINGS
650 _aLISTED BUILDINGS
690 _aPLANNING LAW AND PRACTICE
942 _n0
948 _c04/03/1997
999 _c16968
_d16968